000 00708nam a2200241 a 4500
001 BRL_339
005 20190320210708.0
008 300713s19uu----gw-#######---#000-0#ger-#
041 _ager
044 _agw
050 4 _aRA636.7
_b.V59 1900
100 1 _aVix, Ernst
_d1834-1902
_923598
245 1 0 _aDie Totenbestattung
_bin vorgeschichtlicher und geschichtlicher Zeit, in Gegenwart und Zukunft
_cErnst Vix.
260 _aLeipzig
_bBerlag von Bhilipp Reclam jun
_c[19--]
300 _a174 p.
_c15 cm.
440 0 _aUniversal Bibliotek
_v3551, 3552
_923599
500 _aAu326
650 1 4 _aIncineración
_923600
650 1 4 _aMuerte
_923601
650 1 4 _aMuertos
_923602
902 _aGRL
942 _2lcc
_cB
999 _c9152
_d9152